000 00275nam a22001337a 4500
008 181101b xxu||||| |||| 00| 0 eng d
020 _a9782831564166
041 _aeng
080 _a910
100 _a42
101 _aGJEO
245 _aFrance
_cBerlitz
942 _2udc
_cBK
999 _c51484
_d51484